[Event "Regionalliga Mittelrhein 1213"]
[Site "Germany"]
[Date "2013.05.26"]
[Round "11.8"]
[White "Biedekoepper, Robert"]
[Black "Maaroufi, Mourad"]
[Result "1-0"]
[WhiteElo "2029"]
[BlackElo "1287"]
[PlyCount "43"]
[EventDate "2012.09.09"]
[EventType "team"]
[EventRounds "11"]
[EventCountry "GER"]
[SourceTitle "EXT 2015"]
[Source "ChessBase"]
[SourceDate "2014.11.20"]
[SourceVersion "1"]
[SourceVersionDate "2014.11.20"]
[SourceQuality "1"]
[WhiteTeam "Godesberg II"]
[BlackTeam "Langenfeld II"]
[WhiteTeamCountry "GER"]
[BlackTeamCountry "GER"]

1. d4 Nf6 2. c4 e6 3. Nc3 Bb4 4. Bg5 d5 5. a3 Bxc3+ 6. bxc3 b6 7. e3 Ba6 8. Bxf6 Qxf6 9. Qa4+ c6 10. Nf3 0-0 11. Ne5 Bb7 12. cxd5 cxd5 13. Bd3 Rc8 14. 0-0 Nc6 15. f4 Rc7 16. Rf3 Na5 17. f5 Qd8 18. fxe6 fxe6 19. Raf1 Rac8 20. Bxh7+ Kh8 21. Ng6+ Kxh7 22. Rh3+ 1-0